书目信息 |
| 题名: |
建筑施工技术
|
|
| 作者: | 吴洁 , 杨天春 主编 | |
| 分册: | ||
| 出版信息: | 北京 中国建筑工业出版社 2009.05 |
|
| 页数: | 10, 392页 | |
| 开本: | 26cm | |
| 丛书名: | ||
| 单 册: | ||
| 中图分类: | TU74 | |
| 科图分类: | ||
| 主题词: | 建筑工程--jian zhu gong cheng--工程施工--高等学校--教材 | |
| 电子资源: | ||
| ISBN: | 978-7-112-10663-9 | |
| 000 | 00971nam0 2200253 450 | |
| 001 | 1758175737 | |
| 005 | 20170220161010.56 | |
| 010 | @a978-7-112-10663-9@dCNY43.00 | |
| 100 | @a20091006d2009 em y0chiy0120 ea | |
| 101 | 0 | @achi |
| 102 | @aCN@b110000 | |
| 105 | @aak a 000yy | |
| 200 | 1 | @a建筑施工技术@Ajian zhu shi gong ji shu@f吴洁, 杨天春主编@Fwu jie,yang tian chun zhu bian |
| 210 | @a北京@c中国建筑工业出版社@d2009.05 | |
| 215 | @a10, 392页@c图@d26cm | |
| 300 | @a全国高校土木工程专业应用型本科规划推荐教材 | |
| 320 | @a有书目 (第392页) | |
| 330 | @a本书以施工验收规范分部分项工程划分为主线,重点突出主要分部分项工程的施工工艺流程和施工验收标准二大内容,包括施工准备、工序流程及操作要点、常见质量通病预防等主要内容。 | |
| 606 | 0 | @a建筑工程@Ajian zhu gong cheng@x工程施工@x高等学校@j教材 |
| 690 | @aTU74@v4 | |
| 701 | 0 | @a吴洁@Awu jie@4主编 |
| 701 | 0 | @a杨天春@Ayang tian chun@4主编 |
| 801 | 0 | @aCN@bQSSK@c20091006 |
| 905 | @b760571-75@dTU74@eW801@f5 | |
| 建筑施工技术/吴洁, 杨天春主编.-北京:中国建筑工业出版社,2009.05 |
| 10, 392页:图;26cm |
| 全国高校土木工程专业应用型本科规划推荐教材 |
| ISBN 978-7-112-10663-9:CNY43.00 |
| 本书以施工验收规范分部分项工程划分为主线,重点突出主要分部分项工程的施工工艺流程和施工验收标准二大内容,包括施工准备、工序流程及操作要点、常见质量通病预防等主要内容。 |
| ● |
| 相关链接 |
|
|
|
正题名:建筑施工技术
索取号:TU74/W801
 
预约/预借
| 序号 | 登录号 | 条形码 | 馆藏地/架位号 | 状态 | 备注 |
| 1 | 1239283 | 212392837 | 土木与交通工程学院资料室/ [索取号:TU74/W801] | 在馆 |